000 00447nam a2200157Ia 4500
008 231221s9999 xx 000 0 und d
041 _aEnglish
082 _a425 NAN;1 R
100 _aNandini Nayar
245 0 _aFootprints I: an anthology of prose, poetry and fiction
250 _a1st. ed.
260 _c2008
_bFoundation Books
_aBangalore
300 _aviii+183
650 _aFootprints,I:,anthology,prose,,poetry,fiction
942 _cBM
999 _c201887
_d201887